000 00792nam a2200289 a 4500
003 AR-BaBNM
005 20251128203324.0
008 082120s2002 ||||||||||||||000 | spa||
040 _cAR-BaBNM
100 1 _aHayek, Friedrich August von
245 0 0 _aNuevos estudios
_ben filosofía, política, economía e historia de las ideas
260 _aBuenos Aires
_bEudeba
_c1981
300 _avii, 274 p.
490 0 _aTemas
650 4 _aFILOSOFIA POLITICA
650 4 _aPOLITICA
650 4 _aLIBERALISMO
650 4 _aHISTORIA DE LAS IDEAS
650 4 _aTEORIA ECONOMICA
650 4 _aCIENCIAS SOCIALES
650 4 _aSOCIOLOGIA ECONOMICA
650 4 _aSOCIALISMO
653 _aECONOMIA POLITICA
700 1 _aAlves, María Isabel
_etraductor
942 _cBK
998 _cMARTIN
999 _c2896
_d2896